00893nam a22002417a 450000500170000001000150001702000260003203500130005803700130007108200150008410000160009924501230011526000310023827000790026930000370034850000500038560000060043570000220044170000180046394200290048199900170051095201240052720140307151038.0 aENG-108647 a9780415844352c895.00 aEN-92180 bDBAD/PUB a307.760954 aDey, Ishita aBeyond Kolkata :cby Ishita Dey, Ranabir Samaddar [and] Suhit K. SenbRajarhat and the dystopia of urban imagination / aNew Delhic2013bRoutledge a912, Tolstoy House, 15-17 Tolstoy Marg, Connaught PlacebNew Delhie110001 axvi,265p. :c23cm(Hb)bill.,maps aIncludes bibliographical references and index d  aSamaddar, Ranabir aSen, Suhit K. 2ddccENmDEYh307.760954 c80652d80652 001040718NFICaDBADbDBADd2013-11-14eDBAD/PUBg895.00l0o307.760954pEN-92180r2013-11-14 00:00:00t1v895.00yEN